Los Sioux /

Gespeichert in:
Bibliographische Detailangaben
1. Verfasser: Handl, Irene (autor)
Format: Buch
Sprache:Spanisch
Veröffentlicht: Madrid, España : Impedimenta, 2016, c2016
Schlagworte:
Tags: Tag hinzufügen
Keine Tags, Fügen Sie das erste Tag hinzu!

MARC

LEADER 00000nam^a2200000^a^4500
001 000389858
005 20250521000000.0
009 20260310121132.674
020 |a 978-84-16542-12-3 
037 |a Acervo ITESO - Biblioteca 
041 |a ESP 
082 |a 823.  |b HAN 
100 |a Handl, Irene  |e (autor) 
245 1 4 |a Los Sioux /  |c I. Handl ; tr. por Mariano Peyrou. 
264 4 |a Madrid, España :  |b Impedimenta,  |c 2016, c2016 
300 |a 425 p. +  |e 1 separador 
336 |a texto  |b txt  |2 rdacontenido 
337 |a sin mediación  |b n  |2 rdamedio 
338 |a volumen  |b nc  |2 rdasoporte 
500 |a Traducción de: The Sioux 
649 |a XX 
650 |a Novela Inglesa 
650 |a Literatura Inglesa -  |y Siglo XX 
650 |a Literatura de Mujeres -  |z Inglaterra 
910 |a Fondo General 
920 |a Impresos - Libros 
930 |a Colección General 
940 |a Literatura 
905 |a 101 
901 |a 0500284523  |b IT1  |c LIT  |i C153426  |u 20250521 
901 |a 0500284520  |b IT2  |c FOL  |i C153426  |u 20250521 
902 |a https://opac.biblio.iteso.mx/vufind/Record/000389858